000 00486nam a2200205Ia 4500
001 13448
003 GE_BSU
008 181216s||||||||xx |||||||||||||| ||und||
020 _a9780006478744
040 _cGE_BSU
080 _a821.111-3
100 _aOakley,Ann
245 _aScenes originating in the Garden of Eden
260 _aLondon
260 _bFlamingo
260 _c1993
300 _a309p.Photo.20cm.
653 _aScenes originating in the Garden of Eden
942 _cBK
999 _c46608
_d46608